ბათუმის შოთა რუსთაველის სახელმწიფო უნივერსიტეტის ბიბლიოთეკა

Справочник энергетика промышленных предприятий. (ბიბ.ჩანაწერი № 37394)

000 -LEADER
fixed length control field 00758nam a2200229Ia 4500
001 - CONTROL NUMBER
control field 3353
003 - CONTROL NUMBER IDENTIFIER
control field GE_BSU
008 - FIXED-LENGTH DATA ELEMENTS--GENERAL INFORMATION
fixed length control field 181216s||||||||xx |||||||||||||| ||und||
040 ## - CATALOGING SOURCE
Transcribing agency GE_BSU
080 ## - UNIVERSAL DECIMAL CLASSIFICATION NUMBER
Universal Decimal Classification number 658.26(035.5)+620
100 ## - MAIN ENTRY--PERSONAL NAME
Personal name Гольстрем,В.А. Иваненко,А.С.
245 ## - TITLE STATEMENT
Title Справочник энергетика промышленных предприятий.
245 ## - TITLE STATEMENT
Statement of responsibility, etc. Зав.ред.З.Б.Божко
250 ## - EDITION STATEMENT
Edition statement Изд. 3-е, стереотипное.
260 ## - PUBLICATION, DISTRIBUTION, ETC.
Place of publication, distribution, etc. Киев.
260 ## - PUBLICATION, DISTRIBUTION, ETC.
Name of publisher, distributor, etc. Техника.
260 ## - PUBLICATION, DISTRIBUTION, ETC.
Date of publication, distribution, etc. 1973.
300 ## - PHYSICAL DESCRIPTION
Extent 562 стр. 23см. 59 библ.
300 ## - PHYSICAL DESCRIPTION
Accompanying material табл.
653 ## - INDEX TERM--UNCONTROLLED
Uncontrolled term Справочник энергетика промышленных предприятий.
942 ## - ADDED ENTRY ELEMENTS (KOHA)
Koha item type წიგნი
ეგზემპლარები
Withdrawn status Lost status Damaged status Not for loan Date acquired Barcode Date last seen Price effective from Koha item type
        2018-12-17 10337 2018-12-17 2018-12-17 წიგნი
        2018-12-17 10338 2018-12-17 2018-12-17 წიგნი